مناهل العرفان في علوم القرآن : (Record no. 7391)
[ view plain ]
| 000 -الفاتح | |
|---|---|
| حقل البيانات ثابتة الطول | 00749nac a22001691u 4500 |
| 008 - عناصر البيانات ثابتة الطول - معلومات عامة | |
| حقل البيانات ثابتة الطول | 080818s ua|||||r|||| 000 0 ara d |
| 020 ## - الرقم الدولى المعيارى للكتب | |
| الرقم الدولى المعيارى للكتاب | 9777239602 |
| 020 ## - الرقم الدولى المعيارى للكتب | |
| الرقم الدولى المعيارى للكتاب | 9777239599 |
| 082 ## - رقم تصنيف ديوى العشرى | |
| رقم التصنيف | 229 |
| رقم المادة | زرق |
| 245 ## - بيان العنوان | |
| العنوان | مناهل العرفان في علوم القرآن : |
| بقية العنوان | طبق ما قرره مجلس الأزهر الاعلي في دراسة تخصص الكليات الأزهرية / |
| بيان المسئوليه,etc | محمد عبد العظيم الزرقاني |
| 260 ## - PUBLICATION, DISTRIBUTION, ETC. (IMPRINT) | |
| مكان الناشر او الموزع | {القاهرة ؟} |
| اسم الناشر او الموزع | مطبعة عيسى البابي الحلبي وشركاه |
| تاريخ النشر أو التوزيع | (19؟؟) |
| 300 ## - الوصف المادى | |
| التعداد | 2 مج ؛ |
| أبعاد الوعاء | 24 سم. |
| 511 ## - | |
| -- | Catalogued by: Sara |
| 541 ## - تبصرة المصدر المباشر للتزويد | |
| مصدر التزويد | ألف باء ; |
| طريقة التزويد | شراء ; |
| 650 ## - المدخل الاضافى بالموضوع-مصطلح موضوعى | |
| 9 (RLIN) | 13683 |
| مصطلح موضوعي أو اسم جغرافي كعنصر مدخل | القرآن، مباحث عامة |
| 942 ## - عناصر المدخل الإضافي( كوها) | |
| Koha [default] item type | Book - Borrowing |
| سابقة رقم الطلب | 229 ز ر ق |
| مصدر التصنيف او مخطط الترفيف | Dewey Decimal Classification |
| حالة التراجع | حالة الفقد | مصدر التصنيف او خطة الترفيف | حالة تلف | ليس للاعارة | مجموعات كوها | المكان الدائم | المكان الحالي | موقع الترفيف | تاريخ الاكتساب | Source of acquisition | رقم الاستدعاء | الباركود | Date last seen | نوع الوعاء | تبصرة عامة |
|---|---|---|---|---|---|---|---|---|---|---|---|---|---|---|---|
| Dewey Decimal Classification | Alef-Baa | Central Library | Central Library | Lower Floor | 21/07/2010 | 229 ز ر ق | 000008863 | 15/07/2025 | Book - Borrowing | جزء 2 | |||||
| Dewey Decimal Classification | Alef-Baa | Central Library | Central Library | Lower Floor | 21/07/2010 | 229 ز ر ق | 000008649 | 15/07/2025 | Book - Borrowing | جزء 1 |